Softvérové nástroje pre analýzu kvality a stability regulačných obvodov

Uložené v:
Podrobná bibliografia
Hlavný autor: Mostova, Tetiana (Autor)
Ďalší autori: Tárník, Marián (Vedúci práce)
Médium: Rukopis Kniha
Jazyk:Slovak
Vydavateľské údaje: Bratislava : STU v Bratislave FEI, 2025
Predmet:
On-line prístup:https://opac.crzp.sk/?fn=detailBiblioFormChildK86BQ&sid=8D80AD18777FCC7F6BB3B64DC29E&seo=CRZP-detail-kniha
Tagy: Pridať tag
Žiadne tagy, Buďte prvý, kto otaguje tento záznam!

MARC

LEADER 00000ntm a22000003a 4500
001 stuzp102048
003 SK-STU
005 20260210100559.7
007 ta
008 150427s2015----xo-----f-mn---000-0-slo-d
040 |a STU  |b slo 
041 0 |a slo 
044 |a xo 
100 1 |a Mostova, Tetiana  |u 031000  |4 aut  |U FEI Fakulta elektrotechniky a informatiky  |T FEI Ústav robotiky a kybernetiky  |X 123292  |U E011  |Y 356  |7 123292 
242 0 1 |a Software Tools for Analysis of Performance and Stability of Control Loops  |y eng 
245 1 0 |a Softvérové nástroje pre analýzu kvality a stability regulačných obvodov 
260 |a Bratislava :  |b STU v Bratislave FEI,  |c 2025 
300 |a 39 s. 
650 4 |a Dynamický systém  |2 slo 
650 4 |a Numerická analýza  |2 slo 
650 4 |a Integračné kritériá  |2 slo 
650 4 |a ITAE  |2 slo 
650 4 |a Simulácia  |2 slo 
650 4 |a Regulačný obvod  |2 slo 
650 4 |a Python  |2 slo 
650 4 |a Časová odozva  |2 slo 
650 4 |a Simulation  |2 eng 
650 4 |a Control loop  |2 eng 
650 4 |a Python  |2 eng 
650 4 |a Time response  |2 eng 
650 4 |a Integral criteria  |2 eng 
650 4 |a ITAE  |2 eng 
650 4 |a Dynamic system  |2 eng 
650 4 |a Numerical analysis  |2 eng 
700 1 |a Tárník, Marián  |u 031000  |k Z1  |4 ths  |U FEI Fakulta elektrotechniky a informatiky  |T FEI Ústav robotiky a kybernetiky  |X 29002  |U E011  |Y 356  |7 A000029002 
856 4 |u https://opac.crzp.sk/?fn=detailBiblioFormChildK86BQ&sid=8D80AD18777FCC7F6BB3B64DC29E&seo=CRZP-detail-kniha